Naša mama je bosorka! (Record no. 21408)
[ view plain ]
| 000 -LEADER | |
|---|---|
| fixed length control field | 01715cam a2200457 a 4500 |
| 001 - CONTROL NUMBER | |
| control field | 21408 |
| 003 - CONTROL NUMBER IDENTIFIER | |
| control field | VRT |
| 005 - DATE AND TIME OF LATEST TRANSACTION | |
| control field | 20260228144618.0 |
| 008 - FIXED-LENGTH DATA ELEMENTS--GENERAL INFORMATION | |
| fixed length control field | 240318s2012 xo a b 000 f slo |
| 015 ## - NATIONAL BIBLIOGRAPHY NUMBER | |
| National bibliography number | SNBA2013 |
| 020 ## - INTERNATIONAL STANDARD BOOK NUMBER | |
| International Standard Book Number | 9788010022267 |
| Qualifying information | (viaz.) |
| 035 ## - SYSTEM CONTROL NUMBER | |
| System control number | 1AFB46B7-BBD4-45EE-AE96-C2F13E604E4C |
| 035 ## - SYSTEM CONTROL NUMBER | |
| System control number | urn:nbn:sk:snk-amjlj7 |
| 035 ## - SYSTEM CONTROL NUMBER | |
| System control number | urn:nbn:sk:snk-am002cjy |
| 039 #9 - LEVEL OF BIBLIOGRAPHIC CONTROL AND CODING DETAIL [OBSOLETE] | |
| Level of rules in bibliographic description | 202403181343 |
| Level of effort used to assign nonsubject heading access points | VLOAD |
| Level of effort used to assign subject headings | 201611150929 |
| Level of effort used to assign classification | mkpoh03 |
| Level of effort used to assign subject headings | 201508271443 |
| Level of effort used to assign classification | VLOAD |
| Level of effort used to assign subject headings | 201508271113 |
| Level of effort used to assign classification | VLOAD |
| 040 ## - CATALOGING SOURCE | |
| Original cataloging agency | SVKBB |
| Language of cataloging | slo |
| Transcribing agency | SVKBB |
| Modifying agency | SNK |
| Description conventions | AACR2 |
| 041 0# - LANGUAGE CODE | |
| Language code of text/sound track or separate title | slo |
| 044 ## - COUNTRY OF PUBLISHING/PRODUCING ENTITY CODE | |
| MARC country code | xo |
| ISO country code | SK |
| 072 #7 - SUBJECT CATEGORY CODE | |
| Subject category code | 821.162.4-3 |
| Subject category code subdivision | Slovenská próza |
| Source | konspekt |
| 072 #7 - SUBJECT CATEGORY CODE | |
| Subject category code | 821-93 |
| Subject category code subdivision | Literatúra pre deti a mládež (beletria) |
| Source | konspekt |
| 080 ## - UNIVERSAL DECIMAL CLASSIFICATION NUMBER | |
| Universal Decimal Classification number | 821.162.4-32 |
| Edition identifier | 2001 |
| 080 ## - UNIVERSAL DECIMAL CLASSIFICATION NUMBER | |
| Universal Decimal Classification number | 821-93 |
| Edition identifier | 2001 |
| 100 1# - MAIN ENTRY--PERSONAL NAME | |
| Personal name | Futová, Gabriela, |
| Dates associated with a name | 1971- |
| Relationship | aut |
| 245 10 - TITLE STATEMENT | |
| Title | Naša mama je bosorka! |
| Statement of responsibility, etc. | Gabriela Futová ; [ilustrácie Katarína Slaninková] |
| 250 ## - EDITION STATEMENT | |
| Edition statement | 4. vyd. |
| 260 ## - PUBLICATION, DISTRIBUTION, ETC. | |
| Place of publication, distribution, etc. | Bratislava |
| Name of publisher, distributor, etc. | Slovenské pedagogické nakladateľstvo - Mladé letá |
| Date of publication, distribution, etc. | 2012 |
| 300 ## - PHYSICAL DESCRIPTION | |
| Extent | 91 s. |
| Other physical details | ilustr. |
| Dimensions | 24 cm |
| 655 #7 - INDEX TERM--GENRE/FORM | |
| Genre/form data or focus term | slovenské príbehy |
| Source of term | SNKPH |
| 655 #7 - INDEX TERM--GENRE/FORM | |
| Genre/form data or focus term | publikácie pre deti |
| Source of term | SNKPH |
| 655 #7 - INDEX TERM--GENRE/FORM | |
| Genre/form data or focus term | Slovak stories |
| Source of term | SNKPHeng |
| 655 #7 - INDEX TERM--GENRE/FORM | |
| Genre/form data or focus term | Children's literature |
| Source of term | SNKPHeng |
| 700 1# - ADDED ENTRY--PERSONAL NAME | |
| Personal name | Slaninková, Katarína, |
| Dates associated with a name | 1975- |
| Relationship | ill |
| 910 ## - USER-OPTION DATA (OCLC) | |
| User-option data | pokpoh |
| 942 ## - ADDED ENTRY ELEMENTS (KOHA) | |
| Source of classification or shelving scheme | Dewey Decimal Classification |
| Koha item type | Krásna literatúra pre deti |
| Suppress in OPAC | No |
| 949 ## - LOCAL PROCESSING INFORMATION (OCLC) | |
| 6 | 2889189462 |
| a | savukPV 16775 |
| b | savuk2012/3912 |
| 949 ## - LOCAL PROCESSING INFORMATION (OCLC) | |
| 6 | 270001000402516 |
| a | svkbbB 48568 |
| b | svkbbm 730221 |
| 949 ## - LOCAL PROCESSING INFORMATION (OCLC) | |
| 6 | 17A1031974 |
| a | snkSC 151250 |
| b | snk2012/19040 |
| o | 2039/12 |
| 949 ## - LOCAL PROCESSING INFORMATION (OCLC) | |
| 6 | 17A1031975 |
| a | snkSC 151250 D1 |
| b | snk2012/19041 |
| o | 2039/12 |
| 949 ## - LOCAL PROCESSING INFORMATION (OCLC) | |
| 6 | 273K0554609 |
| a | svkpoB 88650 |
| b | svkpo556986 |
| r | Poškodený obal |
| Stav vyradenia | Strata | Poškodenie | Spôsob nadobudnutia | Domovská knižnica | Aktuálna knižnica | Dátum nadobudnutia | Cena | Total checkouts | Čiarový kód exemplára | Date last seen | Typ exemplára |
|---|---|---|---|---|---|---|---|---|---|---|---|
| Kúpa | Obecná knižnica Horná Štubňa | Obecná knižnica Horná Štubňa | 28.02.2026 | 7.21 | 9788010022267 | 28.02.2026 | Krásna literatúra pre deti |
